Les plus gros transferts du football - Arrières guaches - 2010-2011 - Statistics

General Stats
  • This quiz has been taken 10 times
  • The average score is 2 of 10
Answer Stats
Montant de transfert (M €) Nationalité Venant de Allant à Joueur % Correct
23,86 Serbie Lazio Rome Manchester City Aleksandar Kolarov
100%
12,00 Brésil Dep. La Coruña Atlético Madrid Filipe Luís
67%
9,50 Brésil FC Sevilla Barcelone Adriano
11%
4,00 Espagne Esp. Barcelona AC Milan Dídac Vilà
11%
4,00 Russie Dinamo Moscou Spartak Moscou Dmitriy Kombarov
0%
4,00 Croatie Hajduk Split Dnipro Ivan Strinic
0%
4,80 Chili América Birmingham Jean Beausejour
0%
7,00 Italie Parma Genoa Luca Antonelli
0%
4,20 France / Algérie FC Portsmouth Al-Sadd SC Nadir Belhadj
0%
4,20 Angleterre FC Fulham Liverpool Paul Konchesky
0%
No matching quizzes found
Score Distribution
Percent of People with Each Score
Percentile by Number Answered
Your Score History
You have not taken this quiz